000 00312 a2200145 4500
001 165829
020 _a
040 _cMagnum
100 _aGuedes, Hardy
240 1 0 _aTicao, o saci camisa doze
_lpor
245 1 0 _aTicao, o saci camisa doze
362 0 _a1899
697 _aIJ/LENDAS, FOLCLORE
942 _cBK
999 _c165829
_d165829